000 01601cam a22004814i 4500
003 PE-LiUPU
005 20250731165527.0
008 150623s1978 sp r 000 0 spa d
035 _a(Sirsi) a29080
035 _a(Sirsi) a29080
040 _aPE-LiUPU
_bspa
_cPE-LiUPU
_erda
082 0 4 _a262.523
_bM74
_221
100 1 _aMolina Martinez, Miguel Angel,
_eautor.
245 1 0 _aDiccionario del Vaticano II /
_cMiguel Angel Molina Martinez.
250 _a3a
264 1 _aMadrid, España :
_bEditorial Católica,
_c1978.
300 _a667 páginas ;
_c20 centímetros.
336 _atext
_2rdacontent
337 _aunmediated
_2rdamedia
338 _avolume
_2rdacarrier
490 0 _aBiblioteca de Autories Cristianos
505 0 _aA - V.
526 _aSEG44
526 _aSEG26
526 _aP151
526 _aP150
526 _aP149
526 _aP146
526 _aP145
526 _aP126
526 _aP125
526 _aP92
526 _aP75
526 _aP74
526 _aP27
526 _aP15
942 _2ddc
_cBOOK
949 _aRC 262.523 M74
_wDEWEY
_c1
_i21170
_lRC
_mBUL
_r0
_sY
_tBOOK
_u2015-6-24
_xTEOLOGIA
_PP35
_0COMPRA
_o.CIRCNOTE. No olvidar cambiar la fecha de devolución!!!!!!!
_o.STAFF. Colección General
994 _aC0
_bPEPRU
596 _a1
999 _aRC 262.523 M74
_wDEWEY
_c36399
_i21170
_d36399
_e2016-6-22
_f2021-11-8
_g6
_lCCODEBUL1
_mBUL
_n1
_p20.00
_r1
_sY
_tBOOK
_u2015-6-24
_xTEOLOGIA
_PP35
_0COMPRA
_o.CIRCNOTE. No olvidar cambiar la fecha de devolución!!!!!!!
_o.STAFF. Colección Teología
980 _81
_gALBERTO SANCHEZ Responsable de Automatización